| 000 | 00894nam a2200313Ia 4500 | ||
|---|---|---|---|
| 001 | Z_4918 | ||
| 003 | CHAP | ||
| 008 | 220113s2003 xx 000 0 und d | ||
| 010 | _a167973 | ||
| 040 | _cCHAP | ||
| 090 | _aTesis C 1760 | ||
| 100 | 1 |
_aCopado Bueno, José María Fernando _9143261 |
|
| 245 |
_aEnzimas en dietas prácticas para cerdos en crecimiento / _cpor José Ma. Fernando Copado Bueno |
||
| 260 |
_aMontecillo, Méx. : _bEl autor, _c2003 |
||
| 300 | _a113 h. | ||
| 440 | _a | ||
| 502 | _aTesis (Doctor en Ciencias) -- C. P. Programa de Ganaderia | ||
| 503 | _a | ||
| 650 |
_aAminoácidos en nutrición animal _95342 |
||
| 650 |
_aEnzimas _937195 |
||
| 650 |
_aGanado porcino _xAlimentación _945329 |
||
| 650 |
_aGanado porcino _xCrecimiento _945349 |
||
| 901 | _aTesis C 1760 | ||
| 902 | _aA | ||
| 910 | _a2003 | ||
| 942 | _c2 | ||
| 942 | _c2 | ||
| 999 |
_c167973 _d167973 |
||